Mangroves in India: Spatial and temporal dynamics of carbon sequestration (Record no. 533789)

000 -LEADER
fixed length control field 01185nam a22001337a 4500
008 - FIXED-LENGTH DATA ELEMENTS--GENERAL INFORMATION
fixed length control field 260624b ||||| |||| 00| 0 eng d
100 ## - MAIN ENTRY--PERSONAL NAME
Personal name Agarwal, Priti Narayan, Akanksha and Dutta, Aaina
245 ## - TITLE STATEMENT
Title Mangroves in India: Spatial and temporal dynamics of carbon sequestration
260 ## - PUBLICATION, DISTRIBUTION, ETC. (IMPRINT)
Place of publication, distribution, etc Economic & Political Weekly
300 ## - PHYSICAL DESCRIPTION
Extent 61(23), Jun 6, 2026: p.18-21
520 ## - SUMMARY, ETC.
Summary, etc Mangroves are critical carbon sinks, yet changes in their extent and density complicate assessments of carbon sequestration potential. Using recent data (2021–23), this article examines spatial and temporal shifts in India’s mangrove cover across states and density classes. While transitions towards denser categories enhance ecological function, simultaneous divergent changes require nuanced interpretation. By incorporating carbon stock differentials across density classes, the analysis shows that West Bengal and Tamil Nadu experienced net losses in carbon storage potential, whereas Gujarat and Odisha registered net gains over 2021–23. – Reproduced

https://www.epw.in/journal/2026/23/commentary/mangroves-india.html
773 ## - HOST ITEM ENTRY
Main entry heading Economic & Political Weekly
942 ## - ADDED ENTRY ELEMENTS (KOHA)
Item type Articles
Holdings
Withdrawn status Lost status Source of classification or shelving scheme Damaged status Not for loan Permanent location Current location Date acquired Serial Enumeration / chronology Barcode Date last seen Koha item type
          Indian Institute of Public Administration Indian Institute of Public Administration 2026-06-24 61(23), Jun 6, 2026: p.18-21 AR139251 2026-06-24 Articles

Powered by Koha